Động cơ điện và máy biến áp : Nguyên lý và ứng dụng thực tiễn

Đã lưu trong:
Sonraí Bibleagrafaíochta
Príomhúdar: Đức Minh
Formáid: Leabhar
Teanga:Undetermined
Foilsithe: Hà Nội Giao thông Vận tải 2005
Ábhair:
Clibeanna: Cuir Clib Leis
Gan Chlibeanna, Bí ar an gcéad duine leis an taifead seo a chlibeáil!
Thư viện lưu trữ: Trung tâm Học liệu Trường Đại học Cần Thơ
LEADER 00628nam a2200205Ia 4500
001 CTU_74029
008 210402s9999 xx 000 0 und d
020 |b 70000 
082 |a 621.31 
082 |b Đ552 
100 |a Đức Minh 
245 0 |a Động cơ điện và máy biến áp : 
245 0 |b Nguyên lý và ứng dụng thực tiễn 
245 0 |c Đức Minh 
260 |a Hà Nội 
260 |b Giao thông Vận tải 
260 |c 2005 
650 |a Electric motors,Electric machine,Electric Machine 
904 |i Năm 
980 |a Trung tâm Học liệu Trường Đại học Cần Thơ